Dirección de producción (Registro nro. 2638)
[ vista simple ]
| 000 -LEADER | |
|---|---|
| fixed length control field | 00981 a2200205 4500 |
| 001 - CONTROL NUMBER | |
| control field | 36329 |
| 005 - DATE AND TIME OF LATEST TRANSACTION | |
| control field | 20260407155639.0 |
| 008 - FIXED-LENGTH DATA ELEMENTS--GENERAL INFORMATION | |
| fixed length control field | 260407a1982 arg spa d |
| 003 - CONTROL NUMBER IDENTIFIER | |
| control field | AR-UNSa-BCEJYS |
| 040 ## - CATALOGING SOURCE | |
| Original cataloging agency | AR-UNSa-BCEJYS |
| Language of cataloging | spa |
| Transcribing agency | AR-UNSa-BCEJYS |
| 080 ## - UNIVERSAL DECIMAL CLASSIFICATION NUMBER | |
| Universal Decimal Classification number | 658.5 |
| Common auxiliary subdivision | Planificación y control de la producción<br/> |
| 020 ## - INTERNATIONAL STANDARD BOOK NUMBER | |
| International Standard Book Number | 950-037-003-4 |
| 100 1# - MAIN ENTRY--PERSONAL NAME | |
| Personal name | Solana, Ricardo F. |
| 245 10 - TITLE STATEMENT | |
| Title | Dirección de producción |
| Name of part/section of a work | sistemas |
| 264 #1 - PRODUCTION, PUBLICATION, DISTRIBUTION, MANUFACTURE, AND COPYRIGHT NOTICE | |
| Place of production, publication, distribution, manufacture | Buenos Aires : |
| Name of producer, publisher, distributor, manufacturer | Ediciones Macchi |
| Date of production, publication, distribution, manufacture, or copyright notice | 1982 |
| 300 ## - PHYSICAL DESCRIPTION | |
| Extent | 122 p. |
| Dimensions | 23 cm. |
| 505 ## - FORMATTED CONTENTS NOTE | |
| Formatted contents note | I.:Sistema de producción: 1.Las raices del presente - 2. Enfoque microeconómico de la producción - 3. Configuaración y carcterización del sistema de producción - 4. Tipos de producción - 5. Las funciones de producción - II.:Sistema decisorio de producción: 6. El sistema de producción - 7. Categorización de las decisiones de producción y su integración a través del planeamiento. |
| 590 ## - LOCAL NOTE (RLIN) | |
| Local note | niveau_biblio:m niveau_hierar:0 |
| 942 ## - ADDED ENTRY ELEMENTS (KOHA) | |
| Koha item type | |
| Withdrawn status | Lost status | Damaged status | Not for loan | Home library | Current library | Shelving location | Date acquired | Total checkouts | Full call number | Barcode | Date last seen | Price effective from | Koha item type |
|---|---|---|---|---|---|---|---|---|---|---|---|---|---|
| Biblioteca Prof. Eusebio Cleto del Rey | Biblioteca Prof. Eusebio Cleto del Rey | 07/04/2026 | 658.5 S684d v.1 | L45112 | 07/04/2026 | 07/04/2026 | Libro | ||||||
| Biblioteca Prof. Eusebio Cleto del Rey | Biblioteca Prof. Eusebio Cleto del Rey | 07/04/2026 | 658.5 S684d v.1 | L45114 | 07/04/2026 | 07/04/2026 | Libro | ||||||
| Biblioteca Prof. Eusebio Cleto del Rey | Biblioteca Prof. Eusebio Cleto del Rey | 07/04/2026 | 658.5 S684d v.1 | L45116 | 07/04/2026 | 07/04/2026 | Libro |